000 00461nam a2200205Ia 4500
001 12834
003 GE_BSU
008 181216s||||||||xx |||||||||||||| ||und||
020 _a9780747585893
040 _cGE_BSU
080 _a821.111-32
100 _aHosseini,Khaled.
245 2 _aA Thousand Splendid Suns.
260 _aLondon.
260 _bBloomsburu.
260 _c2007
300 _a417p;18cm.
653 _aA Thousand Splendid Suns.
942 _cBK
999 _c46004
_d46004